000 00867nas a2200241 4500
001 BR0301482
003 BR-BrBNA
005 20231205103634.0
007 ta
008 230509b bl.|||p| |||| 00| 00por d
040 _aBR-BrBNA
_bpor
_cBiblioteca Nacional de Agricultura
041 _a(Pt)
072 _aM12
100 1 _aDias Júnior, W.
100 1 _aMourgués-Schurter, L.R.
245 1 _aComportamento alimentar, determinação do horário de fornecimento e do tempo de disponibilidade da ração para Leporinus obtusidens Valenciennes, 1847 (Osteichthyes, Characiformes, Anostomidae)piau
650 _aPIAPARA
650 _aHÁBITO ALIMENTAR
650 _aRAÇÃO
773 0 _tCiência e Agrotecnologia (Brazil)
_xISSN 1413-7054
_g(Sep-Oct 2001), v. 25(5) p. 1043-1050
_wBR0301482
909 _a202311
_bLúcia
_c55
_dLúcia Elande
942 _2AGRIS
_n0
_cANA
999 _c173950
_d173950